El paroxista indiferente: conversaciones con Philippe Petit

Guardat en:
Dades bibliogràfiques
Autor principal: Baudrillard, Jean (Autor)
Format: Llibre
Idioma:espanyol
Publicat: Barcelona Anagrama 1998
Edició:1a. ed
Col·lecció:Colección Argumentos, 209
Matèries:
Etiquetes: Afegir etiqueta
Sense etiquetes, Sigues el primer a etiquetar aquest registre!

MARC

LEADER 00000nam a2200000 a 4500
001 UCK4501
003 CL-VaPUC
008 050610e19980000SP |||||||||||||||||spa|d
020 |a 8433905597 
082 0 4 |a 194  |b BAU  |2 21 
100 0 |a Baudrillard, Jean  |e author  |9 492950 
245 1 3 |a El paroxista indiferente: conversaciones con Philippe Petit 
250 |a 1a. ed 
300 |a 177 p 
942 |c BK 
945 |d 20050610 00:00:00  |a cmena 
260 |a Barcelona  |b Anagrama  |c 1998 
600 0 7 |a PETIT, PHILIPPE  |2 CL-VaPUC  |9 493010 
650 0 |a Filosofía francesa   |9 255698 
650 0 |a Filosofía moderna  |9 258121 
583 |a last modification  |c 20050610 00:00:00  |k Rodrigo Vera 
490 0 |a Colección Argumentos, 209 
999 |c 313333  |d 313331 
952 |0 0  |1 0  |4 0  |6 194_000000000000000_BAU_1998  |7 0  |8 A  |9 384636  |a BIBEDU  |b BIBEDU  |d 2019-11-22  |i 4135814  |o 194 BAU 1998  |p 4135814  |r 2019-11-22  |w 2019-11-22  |y BK  |k FIL